Geography Quiz

Random Geography or State Quiz

One City per State Quiz Stats

 Plays Quiz not verified by Sporcle

Support Sporcle.
Go Orange.
Score 0/50 Timer 08:00
0 Plays Today
% Correct
Alaska
90.4%
North Dakota
88.5%
Wyoming
86.5%
Hawaii
85.6%
Mississippi
85.6%
Tennessee
85.6%
California
84.6%
Michigan
84.6%
Alabama
83.7%
Minnesota
82.7%
Montana
79.8%
Pennsylvania
79.8%
Washington
77.9%
Iowa
77.9%
New Jersey
76%
New York
74%
Wisconsin
73.1%
New Hampshire
72.1%
Connecticut
71.2%
Missouri
71.2%
Florida
70.2%
Texas
70.2%
Idaho
66.3%
Massachusetts
66.3%
New Mexico
65.4%
% Correct
Colorado
64.4%
Rhode Island
64.4%
South Carolina
64.4%
Virginia
64.4%
Kansas
63.5%
Arizona
62.5%
Louisiana
62.5%
Oregon
61.5%
Illinois
60.6%
Georgia
58.7%
Arkansas
56.7%
Kentucky
56.7%
Indiana
55.8%
Ohio
51%
Nebraska
49%
Oklahoma
49%
West Virginia
49%
Nevada
43.3%
South Dakota
36.5%
Utah
34.6%
Maryland
33.7%
Maine
32.7%
North Carolina
27.9%
Vermont
26.9%
Delaware
26%

You're not logged in!

Compare scores with friends on all Sporcle quizzes.
OR
Log In
Forgot?

From the Vault

One of Two: March Madness

by Hejman

You have two shots at knowing the right answer here.
Remove Ads.
Support Sporcle.
Get the best of Sporcle when you Go Orange. This ad-free experience offers more features, more stats, and more fun while also helping to support Sporcle. Thank you for becoming a member.

Show Comments

Extras

Top Quizzes Today


Score Distribution

Your Account Isn't Verified!

In order to create a playlist on Sporcle, you need to verify the email address you used during registration. Go to your Sporcle Settings to finish the process.

Report this User

Report this user for behavior that violates our Community Guidelines.

Details: